| 000 | 00658cam a22002177a 4500 | ||
|---|---|---|---|
| 001 | 000255 | ||
| 003 | armpunfd | ||
| 005 | 20140612090604.0 | ||
| 008 | 011019e1991####xx#a##########000#0#und#d | ||
| 040 |
_aarmpunfd _carmpunfd |
||
| 080 | _a343.95 K 72 | ||
| 100 | 1 | 0 | _a Kraut, Alfredo Eduardo |
| 245 | 1 | 0 | _aResponsabilidad profesional de los psiquiatras : deberes y derechos emergentes de la practica psiquiatrica |
| 260 |
_a Buenos Aires _b La Rocca _c1991 |
||
| 300 | _a247 p. | ||
| 650 | 7 |
_a Derecho Penal _2LEMB |
|
| 650 | 7 |
_a Psiquiatras _x Etica Profesional _2LEMB |
|
| 650 | 7 |
_a Psiquiatria _2LEMB |
|
| 942 |
_c _2cdu |
||
| 945 |
_asa _d2014-03-18 |
||
| 999 |
_c253 _d230757 |
||